Δρόμοι προς το αρχαίο δράμα : υλικό σεμιναρίου

Αποθηκεύτηκε σε:
Λεπτομέρειες βιβλιογραφικής εγγραφής
Άλλοι συγγραφείς: Μπινιάρης, Γιώργος (Επιμελητής έκδοσης), Πισάνου, Ελευθερία (edtf), Γκόβας, Νίκος (Επιμελητής έκδοσης)
Μορφή: Βιβλίο
Γλώσσα:Greek
Δημοσίευση: Αθήνα : Πανελλήνιο Δίκτυο Εκπαιδευτικών για το Θέατρο στην Εκπαίδευση, 2002.
Θέματα:
Ετικέτες: Προσθήκη ετικέτας
Δεν υπάρχουν, Καταχωρήστε ετικέτα πρώτοι!

MARC

LEADER 00000nam a2200000 a 4500
001 1/115516
008 171129s2002####gr | ||| |||| ||gre||
020 |a 9608731720 
040 |a GR-MyUa  |b gre  |c GR-MyUa  |e AACR2 
041 0 |a gre 
082 7 |a 372.66   |2 (23) 
245 0 0 |a Δρόμοι προς το αρχαίο δράμα :   |b υλικό σεμιναρίου /   |c επιμέλεια: Νίκος Γκόβας, Γιώργος Μπινιάρης, Ελευθερία Πισάνου.  
260 |a Αθήνα :   |b Πανελλήνιο Δίκτυο Εκπαιδευτικών για το Θέατρο στην Εκπαίδευση,   |c 2002.  
300 |a 44 σ. :   |b εικ., φωτ. ;   |c 28 εκ.  
500 |a Το παρόν έχει υλικό σεμιναρίου από την 1η θεατρική καλοκαιρινή κατασκήνωση που πραγματοποιήθηκε στις Σπέτσες 27 Αυγούστου έως 1 Σεπτεμβρίου 2002. 
504 |a Περιέχει βιβλιογραφικές παραπομπές. 
650 0 |a Drama in education  |z Greece. 
650 0 |a Theater  |x Study and teaching. 
650 0 |a Activity programs in education  |z Greece. 
700 1 |a Μπινιάρης, Γιώργος,  |e edt 
700 1 |a Πισάνου, Ελευθερία,  |e edtf 
700 1 |a Γκόβας, Νίκος,  |e edt 
710 1 |a Πανελλήνιο Δίκτυο για το Θέατρο στην Εκπαίδευση,  |e pbl 
852 |a INST  |b RHODES  |e 20171129  |h 372.66 ΔΡΟ  |p 005400039680  |q 005400039680  |t BK  |y 0 
920 |a Πανελλήνιο Δίκτυο Εκπαιδευτικών για το Θέατρο στην Εκπαίδευση  |y Ρόδος  |z 2017-11 
970 |z 29-11-2017